<?xml version="1.0" encoding="UTF-8"?>
<record
    xmlns:xsi="http://www.w3.org/2001/XMLSchema-instance"
    xsi:schemaLocation="http://www.loc.gov/MARC21/slim http://www.loc.gov/standards/marcxml/schema/MARC21slim.xsd"
    xmlns="http://www.loc.gov/MARC21/slim">

  <leader>00606nam a22002057u 4500</leader>
  <datafield tag="999" ind1=" " ind2=" ">
    <subfield code="c">8549</subfield>
    <subfield code="d">8549</subfield>
  </datafield>
  <controlfield tag="001">WIIW0000116</controlfield>
  <controlfield tag="003">OSt</controlfield>
  <controlfield tag="005">20181005131051.0</controlfield>
  <controlfield tag="008">180824s1938    pl ||||| |||||||| ||mul d</controlfield>
  <datafield tag="040" ind1=" " ind2=" ">
    <subfield code="c">OSt</subfield>
  </datafield>
  <datafield tag="041" ind1=" " ind2=" ">
    <subfield code="a">pol</subfield>
    <subfield code="a">eng</subfield>
    <subfield code="a">rus</subfield>
  </datafield>
  <datafield tag="245" ind1=" " ind2=" ">
    <subfield code="a">Rocznik statystyczny 1957</subfield>
    <subfield code="b">(Przeklad)</subfield>
  </datafield>
  <datafield tag="246" ind1="1" ind2="1">
    <subfield code="a">Statistical Yearbook 1957</subfield>
    <subfield code="b">(Translation)</subfield>
  </datafield>
  <datafield tag="260" ind1=" " ind2=" ">
    <subfield code="a">Warszawa :</subfield>
    <subfield code="b">Nak&#x142;adem G&#x142;&#xF3;wnego Urz&#x119;du Statystycznego,</subfield>
    <subfield code="c">1957.</subfield>
  </datafield>
  <datafield tag="300" ind1=" " ind2=" ">
    <subfield code="a">LVII, 439 S.</subfield>
  </datafield>
  <datafield tag="651" ind1=" " ind2=" ">
    <subfield code="a">Poland</subfield>
  </datafield>
  <datafield tag="655" ind1=" " ind2=" ">
    <subfield code="a">Statistical Yearbook</subfield>
  </datafield>
  <datafield tag="710" ind1="1" ind2=" ">
    <subfield code="a">G&#x142;&#xF3;wny Urz&#x105;d Statystyczny Polskiej Rzeczypospolitej Ludowej</subfield>
  </datafield>
  <datafield tag="942" ind1=" " ind2=" ">
    <subfield code="c">ST</subfield>
    <subfield code="2">z</subfield>
  </datafield>
  <datafield tag="952" ind1=" " ind2=" ">
    <subfield code="0">0</subfield>
    <subfield code="1">0</subfield>
    <subfield code="4">0</subfield>
    <subfield code="7">0</subfield>
    <subfield code="a">BIB</subfield>
    <subfield code="b">BIB</subfield>
    <subfield code="c">1</subfield>
    <subfield code="d">2018-10-05</subfield>
    <subfield code="l">0</subfield>
    <subfield code="p">2000000006536</subfield>
    <subfield code="r">2018-10-05 00:00:00</subfield>
    <subfield code="w">2018-10-05</subfield>
    <subfield code="y">ST</subfield>
  </datafield>
</record>
